Statistics for Regions of Countries #3

Click here to take the quiz!

General Stats

  • This quiz has been taken 75,726 times
    (67,439 since last reset)
  • The average score is 15 of 21

Answer Stats

RegionCountry% Correct
UtahUnited States
99%
The OutbackAustralia
94%
AlbertaCanada
94%
OkinawaJapan
90%
WuChina
88%
KentUnited Kingdom
87%
JavaIndonesia
86%
BurgundyFrance
84%
MurmanskRussia
78%
Tamil NaduIndia
74%
SinaiEgypt
72%
AragonSpain
72%
County KilkennyIreland
70%
UmbriaItaly
59%
Dry PampasArgentina
56%
TyrolAustria
56%
DurangoMexico
56%
AlgarvePortugal
56%
DarfurSudan
53%
WaziristanPakistan
44%
WallachiaRomania
42%

Score Distribution

Percentile by Number Answered

Percent of People with Each Score

Your Score History

You have not taken this quiz since the last reset